| 000 | 00577nam a22001577a 4500 | ||
|---|---|---|---|
| 003 | OSt | ||
| 005 | 20151103103034.0 | ||
| 008 | 151103b xxu||||| |||| 00| 0 eng d | ||
| 040 | _cRUA | ||
| 082 | _aFOR NOU 1996 B122 Or.1 | ||
| 100 |
_93248 _aNOU, DARA. |
||
| 245 | _aNon-wood forest production assessment in koh kong province (វិភាគទាននៃការសិក្សាអំពីអនុផលព្រៃឈើនៅក្នុងខេត្តកោះកុង) | ||
| 260 |
_aPhnom Penh _bRUA _c1996 |
||
| 300 |
_a63p. _bill. _c29cm. |
||
| 942 |
_2ddc _cFOR |
||
| 999 |
_c3032 _d3032 |
||